| 000 | 00607nam a22002057a 4500 | ||
|---|---|---|---|
| 999 |
_c19625 _d19625 |
||
| 003 | AR-CdUCM | ||
| 008 | 190504b ||||| |||| 00| 0 esp d | ||
| 040 |
_aMUNICIPALIDAD PROVINCIAL DEL CUSCO _cBIBLIOTECA MUNICIPAL DEL CUSCO |
||
| 082 |
_a868.534 / _bV162 |
||
| 100 |
_aValera, Juan _97796 |
||
| 245 |
_aJuanita La Larga / _cJuan Valera |
||
| 260 |
_aBuenos Aires : _bSopena, _c1950. |
||
| 300 |
_a159 páginas ; _c23 cm. |
||
| 505 | _aContenido: Novela | ||
| 650 |
_aNovelas españolas _9584 |
||
| 650 |
_aSiglo XX. _98 |
||
| 700 |
_aGaragorri, Paulino, _936203 |
||
| 942 |
_2ddc _cLIBROS |
||
| 945 | _awfj | ||